| 000 | 00502nam a2200181 i 4500 | ||
|---|---|---|---|
| 001 | 147405 | ||
| 003 | ES-MaACL | ||
| 005 | 20240222063052.0 | ||
| 007 | t| | ||
| 008 | 070928s1973 sp ||||1| spa d | ||
| 080 | _a860-311.2"19" | ||
| 100 | 1 |
_aUmbral, Francisco, _d1932-2007 _9111971 |
|
| 245 | 1 | 4 |
_aLos males sagrados / _cUmbral Francisco. |
| 260 |
_aBarcelona : _bPlaneta, _c[1973] |
||
| 300 |
_a162 p. ; _c20 cm. |
||
| 852 |
_aES-MaACL _jC-54055 _bR.87023 |
||
| 999 |
_c147405 _d147405 |
||